| 000 | 01660nam a2200397 i 4500 | ||
|---|---|---|---|
| 001 | 768714001 | ||
| 003 | CO-MdFUSB | ||
| 005 | 20260325161207.0 | ||
| 007 | ta | ||
| 008 | 240916t1996 sp ||||| |||| 001 0 spa d | ||
| 020 | _a84-301-1297-0 | ||
| 040 |
_bspa. _aCO-MdFUSB _cCO-MdFUSB _dCO-MdFUSBC _erda |
||
| 041 |
_aspa _hger |
||
| 082 |
_223 _a231.042 _bW162 |
||
| 100 |
_aWaldenfels, Hans, _d1931- _eautor |
||
| 240 | _aGott. Auf der Suche nach dem Lebensgrund | ||
| 245 | 1 |
_aDios : _bel fundamento de la vida _c/ Hans Waldenfels ; traducido por José María Hernández Blanco |
|
| 264 | 1 |
_aSalamanca, España : _bSígueme, _c[1996] |
|
| 264 | 4 | _c©1996 | |
| 300 |
_a135 páginas _c; 18 cm. |
||
| 336 |
_2rdacontent _atexto _btxt |
||
| 337 |
_2rdamedia _asin mediación _bn |
||
| 338 |
_2rdacarrier _avolumen _bnc |
||
| 490 | _aVerdad e imagen minor, | ||
| 500 | _aIncluye índice | ||
| 505 | _aEn la esfera de la vida. -- Imágenes de Dios. -- Espacios abiertos. -- Hablar de Dios. -- Dios en nosotros. -- Tu nombre. | ||
| 520 | _aMuchos de nuestros contemporáneos afirman que Dios ha muerto. Este libro proclama que Dios no ha muerto. Las simples afirmaciones no bastan. Hacen falta argumentos. Y estos solo serán válidos si consiguen abarcar nuestra vida, si se convierten en convicciones que nos animan a vivir, que n | ||
| 563 | _aRústica | ||
| 650 | 7 |
_aDios _9178 |
|
| 653 | _aDios — Doctrina cristiana | ||
| 653 | _aExperiencia religiosa — Cristianismo | ||
| 653 | _aTeología fundamental | ||
| 700 |
_aHernández Blanco, José María, _910693 _etraductor |
||
| 942 | _cBK | ||
| 945 | _aCatherine Arias Alvarez | ||
| 999 |
_c70940 _d70940 |
||